Las pericopas bíblicas y la predicación (Registro nro. 69471)
[ vista simple ]
| 000 -LÍDER | |
|---|---|
| Campo fijo de descripción fija | 01082nab a2200193 i 4500 |
| 001 - NÚMERO DE CONTROL | |
| Campo de control | 768714001 |
| 003 - IDENTIFICADOR DEL NÚMERO DE CONTROL | |
| Campo de control | CO-MdFUSB |
| 005 - FECHA Y HORA DE LA ULTIMA TRANSACCIÓN | |
| control field | 20240502104251.0 |
| 008 - ELEMENTOS DE LONGITUD FIJA -- INFORMACIÓN GENERAL | |
| Campo fijo de descripción fija -- Información general | 240502t1965 sp ||||| |||| 00| 0 spa d |
| 040 ## - FUENTE DE CATALOGACIÓN | |
| Idioma de catalogación | spa |
| Agencia que realiza la transcripción | CO-MdFUSB |
| Agencia que realiza la modificación | CO-MdFUSB |
| 041 ## - CÓDIGO DE IDIOMA | |
| Código de idioma para texto/pista de sonido o título separado | spa |
| 100 ## - ASIENTO PRINCIPAL--NOMBRE PERSONAL | |
| Nombre personal | Kahlefeld, Heinrich, |
| Término relacionador | autor |
| 245 #4 - TÍTULO | |
| Título | Las pericopas bíblicas y la predicación |
| Mención de responsabilidad | / Heinrich Kahlefeld |
| 520 ## - NOTA DE RESUMEN, ETC. | |
| Nota de sumario, etc. | El notable avance de la teología al distinguir la verdad divina de la multitud de profecías y elevarla al objeto más elevado del pensamiento sistemático fue costoso debido a una disminución del interés en la exégesis objetiva de las Escrituras. El efecto es este: uno puede imponer fácilmente la opinión de que la Biblia ya sabe lo que revela y, por lo tanto, su uso debe limitarse a probar las verdades que de ella se derivan |
| 650 #7 - ASIENTO SECUNDARIO DE MATERIA - TERMINO TEMÁTICO | |
| Término temático o nombre geográfico como elemento de entrada | Teología bíblica |
| 9 (RLIN) | 320 |
| 650 #0 - ASIENTO SECUNDARIO DE MATERIA - TERMINO TEMÁTICO | |
| Término temático o nombre geográfico como elemento de entrada | Predicación |
| 9 (RLIN) | 54 |
| 773 0# - ASIENTO DE ITEM FUENTE | |
| Biblionumber | 49450 |
| Itemnumber | 82568 |
| Otro identificador del ítem | R2500 |
| Título | Revista internacional de teología Concilium |
| Número de control del registro | (CO-MdFUSB)8 |
| Número Internacional Normalizado para Publicaciones Seriadas (ISSN) | 0210-1041 |
| Parte(s) relacionada(s) / Volumen., número. (mes año), páginas | Número 10, (diciembre, 1965), páginas: 48 - 62 |
| Enumeración y primera página | página: 48 |
| 942 ## - TIPO DE MATERIAL (KOHA) | |
| Tipo de Item KOHA | Artículos de Revista |
No hay ítems disponibles.
